Представление документа в формате RUSMARC

ПолеНазваниеЗначение
  Тип записи a
  Библиографический уровень m
001 Контрольный номер 5bfa7434-86c1-49fc-9c1b-5abc1c4e5f57
005 Дата корректировки 20140506144556.4
010 Индекс ISBN __
a ISBN 978-5-394-01574-8
d Цена 300 руб. 00 коп.
100 Данные общей обработки __
a Данные общей обработки 20131109 |||y0 y0189 ca
101 Язык документа __
a Язык текста rus
105 Кодированные данные (монография) __
a Кодированные данные (монография) zy
200 Заглавие и сведения об ответственности 0_
a Заглавие Английский язык для экономический специальностей [текст]
e Сведения, относящиеся к заглавию учебник
f Первые сведения об ответственности Г.С. Пшегусова, Л.Л. Андреева, Н.Д. Гребенникова, Н.В. Млодзинская
205 Сведения об издании __
a Основные сведения об издании 2- е изд.
210 Выходные данные __
a Место издания М.
c Издательство Дашков и К
d Дата издания 2013
215 Физическое описание __
a Объем 280 с.
300 Общие примечания __
a Общие примечания Рекомендовано Научно-методическим советом
606 Тематические рубрики __
a Основная рубрика Языкознание
x Основная подрубрика Английский язык
610 Ключевые слова __
a Ключевые слова Английский язык
675 Индекс УДК __
a Индекс УДК 811.111
686 Индексы других классификаций __
a Классификационный индекс 81.2 Англ
2 Код системы rubbk
700 Автор _1
a Фамилия Пшегусова
b Имя Г.С.
801 Источник записи _0
a Страна RU
b Организация ККИ
c Дата составления 20131109
899 Данные о местонахождении __
b Место хранения УчФ_Краснодарский филиал
t Номер экземпляра 1
h Классификационная часть РШ 4И(Англ)
i Авторский знак А65
p Штрих-код 85791
901 Тип документа __
t Тип документа m
938 Служебная информация __
a Название организации Краснодарский филиал
b Имя БД OUTPUT.MRC
c Название АИБС АИБС Библиотека